Famous Tom's by Picture - Statistics

General Stats
  • This quiz has been taken 129 times
  • The average score is 6 of 8
Answer Stats
Picture Answer % Correct
Tom Hanks
94%
Tom Cruise
83%
Thomas Jefferson
79%
Tom Holland
70%
Tom Hardy
68%
Tom Hiddleston
65%
Tommy Lee Jones
61%
Thomas Edison
60%
No matching quizzes found
Score Distribution
Percent of People with Each Score
Percentile by Number Answered
Your Score History
You have not taken this quiz